| 000 | 00782cam a22002653a 4500 | ||
|---|---|---|---|
| 001 | 25877 | ||
| 003 | PGUSA | ||
| 005 | 20140828083545.0 | ||
| 008 | 080622s2008||||xxu|||||s|||||000 1 eng d | ||
| 040 |
_aPGUSA _beng |
||
| 042 | _adc | ||
| 050 | 4 | _aPZ | |
| 100 | 1 |
_aPutnam, George Haven, _d1844-1930 |
|
| 245 | 1 | 4 |
_aThe Little Gingerbread Man _h[electronic resource] / _cGeorge Haven Putnam |
| 260 |
_bProject Gutenberg, _c2008 |
||
| 506 | _aPublic domain in the USA. | ||
| 516 | _aElectronic text | ||
| 653 | _aFairy tales | ||
| 653 | _aEscapes -- Juvenile fiction | ||
| 653 | _aGingerbread men -- Juvenile fiction | ||
| 700 | 1 |
_aHerbert, Robert Gaston, _d1873-1954 |
|
| 830 | 0 |
_aProject Gutenberg _v25877 |
|
| 856 | 4 | 0 | _uhttp://www.gutenberg.org/ebooks/25877 |
| 942 | _cEB | ||
| 999 |
_c255132 _d255132 |
||